书目信息 |
| 题名: |
病毒与人类
|
|
| 作者: | 左芳 主编 | |
| 分册: | ||
| 出版信息: | 天津 天津人民出版社 2011.04 |
|
| 页数: | 201页 | |
| 开本: | 23cm | |
| 丛书名: | 巅峰阅读文库 | |
| 单 册: | ||
| 中图分类: | R373-49 | |
| 科图分类: | ||
| 主题词: | 人体病毒学--普及读物 , 人体病毒学 | |
| 电子资源: | ||
| ISBN: | 978-7-201-06995-1 | |
| 000 | 00848oam2 2200265 450 | |
| 001 | 010050011197 | |
| 005 | 20140611152256.59 | |
| 010 | @a978-7-201-06995-1@dCNY25.80 | |
| 100 | @a20110519d2011 em y0chiy50 ea | |
| 101 | 0 | @achi |
| 102 | @aCN@b120000 | |
| 105 | @aa z 000yy | |
| 106 | @ar | |
| 200 | 1 | @a病毒与人类@9bing du yu ren lei@f左芳主编 |
| 210 | @a天津@c天津人民出版社@d2011.04 | |
| 215 | @a201页@c图,照片@d23cm | |
| 225 | 2 | @a巅峰阅读文库@i《生命科学科普馆》系列 |
| 330 | @a本书从病毒的繁衍历史,以及人类与病毒的战争等方面阐述了病毒在人类生活中的深刻影响作用。 | |
| 462 | 0 | @12001 @a《生命科学科普馆》系列@1701 0@a杨广军@4总主编 |
| 606 | 0 | @a人体病毒学@j普及读物 |
| 606 | 0 | @a人体病毒学 |
| 690 | @aR373-49@v4 | |
| 701 | 0 | @a左芳@9zuo fang@4主编 |
| 801 | 0 | @aCN@bRENTIAN@c20110519 |
| 905 | @b548989-91@dR373-49@e225@f3 | |
| 病毒与人类/左芳主编.-天津:天津人民出版社,2011.04 |
| 201页:图,照片;23cm.-(巅峰阅读文库.《生命科学科普馆》系列) |
| ISBN 978-7-201-06995-1:CNY25.80 |
| 本书从病毒的繁衍历史,以及人类与病毒的战争等方面阐述了病毒在人类生活中的深刻影响作用。 |
| ● |
| 相关链接 |
|
|
|
|
正题名:病毒与人类
索取号:R373-49/225
 
预约/预借
| 序号 | 登录号 | 条形码 | 馆藏地/架位号 | 状态 | 备注 |
| 1 | 548989 | 205489899 | 第二样本阅览室/ [索取号:R373-49/225] | 在馆 | |
| 2 | 548990 | 205489906 | 密集书库-生命科学系/ [索取号:R373-49/225] | 在馆 | |
| 3 | 548991 | 205489915 | 第三借阅区/ [索取号:R373-49/225] | 在馆 |